Marco de referencia para la asistencia técnica y la transferencia de tecnología en pesca y acuicultura

Guardat en:
Dades bibliogràfiques
Autor principal: Arias Arias, Plinio (Autor)
Format: Llibre
Idioma:espanyol
Publicat: Bogotá Instituto Nacional de Pesca y Acuicultura 1994
Matèries:
Etiquetes: Afegir etiqueta
Sense etiquetes, Sigues el primer a etiquetar aquest registre!

MARC

LEADER 00000nam a2200000 a 4500
001 UCY2178
003 CL-VaPUC
008 941014e19940000CK |||||||||||||||||spa|d
082 0 4 |a 639.2  |b ARI  |2 21 
100 0 |a Arias Arias, Plinio  |e author  |9 330214 
245 1 0 |a Marco de referencia para la asistencia técnica y la transferencia de tecnología en pesca y acuicultura 
300 |a 126 p 
942 |c BK 
945 |d 19941014 00:00:00  |a mfernand 
260 |a Bogotá  |b Instituto Nacional de Pesca y Acuicultura  |c 1994 
650 0 |a Pesca artesanal   |9 261256 
650 0 |a Transferencia de tecnología  |9 259659 
650 0 |a Asistencia técnica  |9 259669 
650 0 |a Acuicultura  |9 258883 
650 7 |a INNOVACIONES TECNOLOGICAS  |2 CL-VaPUC  |9 330215 
651 0 |a Colombia  |9 256424 
583 |a last modification  |c 20170406 02:32:31  |k Rodrigo Vera 
999 |c 230655  |d 230653 
952 |0 0  |1 0  |4 0  |6 639_200000000000000_ARI_1994  |7 0  |8 CCM  |9 233080  |a BIBCUR  |b BIBCUR  |d 2019-11-15  |i 302704K  |o 639.2 ARI 1994  |p 302704K  |r 2025-04-22  |w 2019-11-15  |y BK  |k CIM